| 000 | 00482 a2200181 4500 | ||
|---|---|---|---|
| 003 | Nust | ||
| 005 | 20230201132222.0 | ||
| 020 | _a0882733257 | ||
| 040 | _cNust | ||
| 082 | _a940,PIN | ||
| 100 |
_aPinkney, David H. _9108393 |
||
| 245 |
_aThe World of Europe, The Nineteenth Century 1815-1914 / _cDavid H. Pinkney |
||
| 260 |
_acanada _bSimultaneously |
||
| 300 | _a446:p | ||
| 600 |
_aPinkney, David H. _9108393 |
||
| 650 |
_aEurope History _950019 |
||
| 942 |
_2ddc _cBK _k940,PIN |
||
| 999 |
_c187228 _d187228 |
||